Quantum mechanics (Record no. 79930)

MARC details
000 -LEADER
fixed length control field 00870nam a2200193 a 4500
008 - FIXED-LENGTH DATA ELEMENTS--GENERAL INFORMATION
fixed length control field 120416s1981 ||||||||||||||||| || u
020 ## - INTERNATIONAL STANDARD BOOK NUMBER
International Standard Book Number 0387187553
050 ## - LIBRARY OF CONGRESS CALL NUMBER
Classification number QC 174.12 Gre
100 ## - MAIN ENTRY--PERSONAL NAME
Personal name Greiner, Walter
245 10 - TITLE STATEMENT
Title Quantum mechanics
260 ## - PUBLICATION, DISTRIBUTION, ETC.
Place of publication, distribution, etc. Berlin:
Name of publisher, distributor, etc. Springer-Verlag
Date of publication, distribution, etc. 1981
300 ## - PHYSICAL DESCRIPTION
Extent 3v. : ill
350 ## -
-- 0.00
650 ## - SUBJECT ADDED ENTRY--TOPICAL TERM
Topical term or geographic name entry element MECHANICS
650 ## - SUBJECT ADDED ENTRY--TOPICAL TERM
Topical term or geographic name entry element QUANTUM MECHANICS
995 ## -
-- MAIN LIBRARY OPEN ACCESS
-- 0.00
-- 012783
-- CBU-MAIN LIBRARY (Kitwe)
-- 2
-- 68.00
-- QC 174.12 Gre
-- AVAILABLE
-- 012783
-- Main Library Open Access Collection
995 ## -
-- MAIN LIBRARY OPEN ACCESS
-- 0.00
-- 012784
-- CBU-MAIN LIBRARY (Kitwe)
-- 1
-- 68.00
-- QC 174.12 Gre
-- AVAILABLE
-- 012784
-- Main Library Open Access Collection
995 ## -
-- ANNEX COLLECTION (Main Library)
-- 0.00
-- 012782
-- CBU-MAIN LIBRARY (Kitwe)
-- 3
-- 68.00
-- QC 174.12 Gre
-- AVAILABLE
-- 012782
-- Annex Low-Usage Collection
999 ## -
-- 79930
-- 79930
Holdings
Withdrawn status Lost status Source of classification or shelving scheme Damaged status Not for loan Permanent Location Current Location Shelving location Date acquired Total Checkouts Full call number Barcode Date last seen Copy number Price effective from Koha item type
          CBU-MAIN LIBRARY, KITWE. CBU-MAIN LIBRARY, KITWE.   06/29/2023   QC 174.12 Gre 012783 06/29/2023 1 06/29/2023 MONOGRAPH
          CBU-MAIN LIBRARY, KITWE. CBU-MAIN LIBRARY, KITWE.   06/29/2023   QC 174.12 Gre 012784 06/29/2023 2 06/29/2023 MONOGRAPH
          CBU-MAIN LIBRARY, KITWE. CBU-MAIN LIBRARY, KITWE.   06/29/2023   QC 174.12 Gre 012782 06/29/2023 3 06/29/2023 MONOGRAPH